| 000 | 00843nam a2200217 a 4500 | ||
|---|---|---|---|
| 003 | OSt | ||
| 005 | 20131010144014.0 | ||
| 008 | 131010s1994 ag ||||| |||| 10| 0 spa d | ||
| 040 | _cBiblioteca Medicina | ||
| 041 | _aspa | ||
| 082 | _bCONGRESOS 012 | ||
| 111 | 2 |
_aCardiologia Practica _92696 |
|
| 245 | 0 | 0 | _aCardiologia Practica: Congresos. XII Congreso Munidal de Cardiologia, XVI Congreso Europeo de Cardiologia |
| 260 |
_aBuenos Aires _bEdiciones Cardiologia Practica _c1994 |
||
| 300 | _a32 p. | ||
| 518 | _aBerlin, Alemania. 10 al 14 septiembre de 1994. | ||
| 653 | _aCARDIOLOGIA-CONGRESOS-1994 | ||
| 942 |
_2ddc _cPH |
||
| 999 |
_c1785 _d1785 |
||
| 952 |
_40 _00 _bBFM _10 _oCONGRESOS 012 _d2013-10-10 _tEj. 1 _8NFIC _70 _cCR _2ddc _yPH _aBFM |
||
| 952 |
_40 _00 _bBFM _10 _oCONGRESOS 012 _d2013-10-10 _tEj. 2 _8NFIC _70 _cCR _2ddc _yPH _aBFM |
||